| 000 | 00550nam a2200193Ia 4500 | ||
|---|---|---|---|
| 003 | IN-BaIIA | ||
| 008 | 211028s9999 xx 000 0 eng d | ||
| 020 | _a1704-0-4000-0 | ||
| 040 | _cIIA Library | ||
| 080 |
_a533 _bKAD |
||
| 100 |
_aKadomtsev, B. B. _914097 |
||
| 245 | 0 |
_aPlasma Physics _cB. B. Kadomtsev |
|
| 260 |
_aMoscow _bMIR Publishers _c1981 |
||
| 300 | _a190p. | ||
| 650 | _aAstronomy and Astrophysics Thesaurus | ||
| 650 |
_aPlasma Physics _93732 |
||
| 650 |
_aPlasmas _91898 |
||
| 942 | _cBK | ||
| 999 |
_c8411 _d8411 |
||